Plan director Cuenca : desarrollo urbano : PDDUC 71 /

Bibliographic Details
Other Authors: Vanegas Peña, Santiago (Editor), Castillo Marín, Hugo (Editor)
Format: Electronic eBook
Language:Spanish
Published: Cuenca, [Ecuador] : Universidad del Azuay, Casa Editora, 2022.
Subjects:
Online Access:Digitalia Hispánica

MARC

LEADER 00000nam a2200000Ii 4500
001 DIGUAZUAY0147
003 NyNyDIG
006 m o d
007 cr |||||||||||
008 251104s2022 ec aeo ob 000 0 spa d
035 |a (OCoLC)1548425501 
040 |a DGITA  |b eng  |e rda  |e pn  |c DGITA 
020 |a 9789942618016  |q eBook 
020 |z 9789942618009 
043 |a s-ec--- 
050 1 4 |a HT129.E2 ebook 
245 0 0 |a Plan director Cuenca :  |b desarrollo urbano : PDDUC 71 /  |c Santiago Vanegas Peña, compilador ; Hugo Castillo Marín, reedición. 
246 3 4 |a 1971 
264 1 |a Cuenca, [Ecuador] :  |b Universidad del Azuay, Casa Editora,  |c 2022. 
300 |a 1 online resource :  |b illustrations, photographs, plans. 
336 |a text  |b txt  |2 rdacontent 
337 |a computer  |b c  |2 rdamedia 
338 |a online resource  |b cr  |2 rdacarrier 
347 |a text file  |2 rdaft 
347 |b PDF 
504 |a Includes bibliographical references. 
588 0 |a Online resource; title from PDF title page (Digitalia, viewed November 4, 2025) 
650 0 |a Cities and towns  |z Ecuador  |z Cuenca. 
650 0 |a City planning  |z Ecuador  |z Cuenca. 
650 0 |a Architecture  |z Ecuador  |z Cuenca. 
700 1 |a Vanegas Peña, Santiago,  |e editor. 
700 1 |a Castillo Marín, Hugo,  |e editor. 
791 2 |a Digitalia (Firm),  |e distributor. 
793 0 |g Digitalia eBook Collection:  |a Universidad del Azuay 
776 0 8 |i Print version:  |t Plan director Cuenca.  |d Cuenca, [Ecuador] : Universidad del Azuay, Casa Editora, 2022  |z 9789942618009 
856 4 0 |3 Digitalia Hispánica  |u https://www.digitaliapublishing.com/a/133532/ 
910 |a Premium collection: 2025